000 00575nam a2200193 a 4500
005 20240803063737.0
008 991125s1995 est 000 0 spa u
020 _a089295079X
035 _aUPN01000033197
049 _aCG
050 4 _aPQ6615 E3
_bJ38
100 1 _aHernández, Ramón,
_d1935-
245 1 3 _aEl joven Colombo /
_cRamón Hernández.
260 _aEstados Unidos de América :
_bSociety of Spanish and Spanish-American Studies,
_c1995.
300 _a159 p.
600 1 4 _aCOLON, CRISTOBAL,
_d1451-1506
650 4 _aNovela española
_910814
905 _aLibro
999 _c33197
_d33197